00413nam a2200133Ia 4500008004000000082001300040100001600053245008500069250000500154260006700159300000800226440000600234650003900240210210b1993 xxu||||| |||| 00| 0 eng d a030 GREA aGreat books aGreat books of western world.60V. V4-Aeschylus Sophocles Euripides Aristophanes. a aChicago.bEncyclopaedia Britanica, Inc, William Benton.,c1993 a905 a4 aAeschylus Euripides Aristophanes